000 00504nam a2200181Ia 4500
005 20250326123953.0
008 250326s9999 xx 000 0 und d
037 _aTextbook
040 _aFMSL
_beng
_cFMSL
041 _aeng
_2eng
084 _aXpIN7 L8
_qFMSL
100 _aBhagwati J N
245 0 _aNew international economic order: North-South debate
_cBhagwati J N
260 _aLondon
_bLondon, MIT
_c1978
300 _a390p
942 _cTB
_hXpIN7 L8
999 _c1271704
_d1271704